LEADER 01151cam0-22004091i-450- 001 990003113840403321 005 20070228123428.0 010 $a0-333-41741-0 035 $a000311384 035 $aFED01000311384 035 $a(Aleph)000311384FED01 035 $a000311384 100 $a20030910d1987----km-y0itay50------ba 101 0 $aeng 102 $aGB 105 $aa-------001yy 200 1 $a<>Keynesian revolution and its critics$eissues of theory and policy for the monetary production economy$fGordon A. Fletcher 210 $aBasingstoke$cMacmillan$d1987 215 $aXXIII, 348 p.$cill.$d23 cm 610 0 $aEconomia keynesiana 676 $aD/7 676 $aD/8.11 676 $aD/8.16 700 1$aFletcher,$bGordon Alan$0375584 801 0$aIT$bUNINA$gRICA$2UNIMARC 901 $aBK 912 $a990003113840403321 952 $aXV G1 129$b4516$fDTE 952 $aD/8.11 FLE$b4516$fSES 952 $aVI A 694$b875$fFSPBC 952 $aE1.105$b755$fDECTS 959 $aDTE 959 $aSES 959 $aFSPBC 959 $aDECTS 996 $aKeynesian revolution and its critics$9461205 997 $aUNINA LEADER 00839nam0-22002891i-450- 001 990002008800403321 005 20040528101321.0 035 $a000200880 035 $aFED01000200880 035 $a(Aleph)000200880FED01 035 $a000200880 100 $a20030910d1965----km-y0itay50------ba 101 0 $aeng 105 $ay---a---001yy 200 1 $aEndosymbiosis of animals with plant microorganisms$fPaul Buchner 210 $aNew York ; London ; Sydney$cInterscience Publishers$d1965 215 $a909 p.$d23 cm 610 0 $aSimbiosi 676 $a591.524 700 1$aBuchner,$bPaul$032923 801 0$aIT$bUNINA$gRICA$2UNIMARC 901 $aBK 912 $a990002008800403321 952 $a61 III D.1/21$b2295$fDAGEN 959 $aDAGEN 996 $aEndosymbiosis of animals with plant microorganisms$9373657 997 $aUNINA